| 000 | 00485nam a2200145Ia 4500 | ||
|---|---|---|---|
| 008 | 230917s9999||||xx |||||||||||||| ||und|| | ||
| 040 |
_e163949 _aMAIN |
||
| 041 | _aEnglish | ||
| 082 | _a891.431731 BN649:SP | ||
| 100 | _aभट्टाचार्य नवारूण | ||
| 245 | 0 | _aयह मृत्यु उपत्यका नही है मेरा देश | |
| 260 |
_aदिल्ली _bराधाकृष्ण _c1985 |
||
| 300 | _a77पृ. p. | ||
| 942 | _cHN | ||
| 999 |
_c51939 _d51939 |
||